[Event "Budapest-chT1 Lilienthal 1718"]
[Site "Budapest"]
[Date "2017.11.19"]
[Round "4"]
[White "Klement, Bence"]
[Black "Mikulas, Adam"]
[Result "0-1"]
[WhiteElo "1697"]
[BlackElo "1713"]
[PlyCount "64"]
[EventDate "2017.10.01"]
[EventType "team-tourn"]
[EventRounds "13"]
[EventCountry "HUN"]
[SourceTitle "EXT 2021"]
[Source "ChessBase"]
[SourceDate "2020.10.23"]
[SourceVersion "1"]
[SourceVersionDate "2020.10.23"]
[SourceQuality "1"]
[WhiteTeam "Csepel"]
[BlackTeam "Barcza GSC"]
[WhiteTeamCountry "HUN"]
[BlackTeamCountry "HUN"]

1. d4 d5 2. c4 e6 3. Nc3 Bb4 4. e3 Nf6 5. Nf3 Bd7 6. Bd3 dxc4 7. Bxc4 Bc6 8. 0-0 Bxc3 9. bxc3 Nbd7 10. Ba3 Ne4 11. Qc2 Ng5 12. Nxg5 Qxg5 13. e4 Nf6 14. d5 Bd7 15. Qb3 0-0-0 16. Rab1 b6 17. Ba6+ Kb8 18. Be7 Rde8 19. d6 Rxe7 20. dxe7 Nxe4 21. Rbd1 Nc5 22. Qc4 Bc6 23. Qg4 Qxe7 24. Qxg7 Qe8 25. Rd4 Nxa6 26. Rfd1 Bd5 27. c4 Rg8 28. Qf6 Rxg2+ 29. Kf1 Rg6 30. Qh4 Bg2+ 31. Ke1 Kb7 32. Rd7 Bf3 0-1

[Event "Budapest-chT1 Lilienthal 1314"]
[Site "Budapest"]
[Date "2014.03.09"]
[Round "9"]
[White "Wanger, Tamas"]
[Black "Klement, Bence"]
[Result "1/2-1/2"]
[WhiteElo "1959"]
[BlackElo "1768"]
[PlyCount "41"]
[EventDate "2013.09.29"]
[EventType "team-tourn"]
[EventRounds "11"]
[EventCountry "HUN"]
[SourceTitle "EXT 2021"]
[Source "ChessBase"]
[SourceDate "2020.10.23"]
[SourceVersion "1"]
[SourceVersionDate "2020.10.23"]
[SourceQuality "1"]
[WhiteTeam "Budapest EAC III"]
[BlackTeam "Csepel"]
[WhiteTeamCountry "HUN"]
[BlackTeamCountry "HUN"]

1. d4 d5 2. c4 c6 3. Nf3 Nf6 4. Nc3 dxc4 5. a4 Bf5 6. e3 e6 7. Bxc4 Bb4 8. 0-0 0-0 9. Qe2 Qe7 10. Nh4 Bg6 11. Nxg6 hxg6 12. e4 Qc7 13. Bg5 Nbd7 14. Rfd1 Rac8 15. e5 Nd5 16. Bd2 Be7 17. Nxd5 cxd5 18. Bb5 Nb8 19. Rac1 Qb6 20. Bc3 a6 21. Bd3 1/2-1/2

[Event "Budapest-chT1 Lilienthal 1314"]
[Site "Budapest"]
[Date "2014.02.09"]
[Round "7"]
[White "Klement, Bence"]
[Black "Szamoskozi, Peter"]
[Result "1-0"]
[WhiteElo "1768"]
[BlackElo "1810"]
[PlyCount "61"]
[EventDate "2013.09.29"]
[EventType "team-tourn"]
[EventRounds "11"]
[EventCountry "HUN"]
[SourceTitle "EXT 2021"]
[Source "ChessBase"]
[SourceDate "2020.10.23"]
[SourceVersion "1"]
[SourceVersionDate "2020.10.23"]
[SourceQuality "1"]
[WhiteTeam "Csepel"]
[BlackTeam "Penzugyor III"]
[WhiteTeamCountry "HUN"]
[BlackTeamCountry "HUN"]

1. d4 Nf6 2. c4 d6 3. Nc3 g6 4. Nf3 Bg7 5. e3 0-0 6. Bd3 Bg4 7. h3 Bc8 8. 0-0 Nbd7 9. b3 c5 10. Bb2 e5 11. dxe5 dxe5 12. Ne4 Nxe4 13. Bxe4 Re8 14. Bd5 Qc7 15. Ng5 Re7 16. Ne4 Nf6 17. Nxf6+ Bxf6 18. Qf3 Bg7 19. e4 Rb8 20. Rfd1 Be6 21. Rd3 Rf8 22. Rad1 f5 23. exf5 gxf5 24. Bxe6+ Rxe6 25. Rd7 Qa5 26. Qxb7 Rg6 27. Qd5+ Kh8 28. Bxe5 Qxa2 29. Bxg7+ Rxg7 30. Qe5 Rfg8 31. Rxg7 1-0

[Event "HUN-chT U18"]
[Site "Miskolc"]
[Date "2011.11.03"]
[Round "2.4"]
[White "Klement, Bence"]
[Black "Dankhazi, Andras"]
[Result "0-1"]
[WhiteElo "1752"]
[BlackElo "2085"]
[PlyCount "62"]
[EventDate "2011.11.02"]
[EventType "team-swiss"]
[EventRounds "8"]
[EventCountry "HUN"]
[SourceTitle "EXT 2012"]
[Source "ChessBase"]
[SourceDate "2011.11.24"]
[SourceVersion "1"]
[SourceVersionDate "2011.11.24"]
[SourceQuality "1"]
[WhiteTeam "Csepel"]
[BlackTeam "Paks"]
[WhiteTeamCountry "HUN"]
[BlackTeamCountry "HUN"]

1. d4 Nf6 2. c4 g6 3. Nc3 d5 4. cxd5 Nxd5 5. e4 Nxc3 6. bxc3 Bg7 7. Bc4 c5 8. Ne2 Nc6 9. Be3 0-0 10. 0-0 Qc7 11. Rc1 Rd8 12. Nf4 cxd4 13. cxd4 Bxd4 14. Nd5 Qe5 15. Qf3 Bxe3 16. Qxe3 Be6 17. f4 Qd4 18. Qxd4 Nxd4 19. Nxe7+ Kf8 20. Nd5 b5 21. Bd3 Bxd5 22. exd5 Rxd5 23. Be4 Ne2+ 24. Kh1 Nxc1 25. Rxc1 Rad8 26. Bxd5 Rxd5 27. Kg1 Rd4 28. Rc8+ Kg7 29. Rc5 a6 30. Kf1 Rxf4+ 31. Ke2 Rc4 0-1

[Event "Budapest FS03 FM-B"]
[Site "Budapest"]
[Date "2011.03.14"]
[Round "10"]
[White "Klement, Bence"]
[Black "Czipp, Janos"]
[Result "1-0"]
[WhiteElo "1697"]
[BlackElo "1599"]
[PlyCount "54"]
[EventDate "2011.03.05"]
[EventType "tourn"]
[EventRounds "10"]
[EventCountry "HUN"]
[SourceTitle "CBM 141 Extra"]
[Source "ChessBase"]
[SourceDate "2011.05.03"]
[SourceVersion "1"]
[SourceVersionDate "2011.05.03"]
[SourceQuality "1"]

1. d4 d5 2. c4 Nf6 3. Nc3 e6 4. Nf3 Bd6 5. Bg5 Nbd7 6. e3 0-0 7. Bd3 b6 8. cxd5 e5 9. 0-0 Re8 10. Qc2 g6 11. Bb5 e4 12. Nd2 a6 13. Bc6 Rb8 14. Ndxe4 Rxe4 15. Nxe4 Be7 16. Bxd7 Bxd7 17. Nxf6+ Bxf6 18. Bxf6 Qxf6 19. Qxc7 Rd8 20. Qe5 Qh4 21. Rac1 Re8 22. Qg3 Qd8 23. Qc7 Bb5 24. Qxd8 Rxd8 25. Rfe1 Rxd5 26. h3 Kg7 27. Rc7 Rd6 1-0

[Event "Budapest FS03 FM-B"]
[Site "Budapest"]
[Date "2011.03.12"]
[Round "8"]
[White "Yilmaz, Harun"]
[Black "Klement, Bence"]
[Result "1-0"]
[WhiteElo "1568"]
[BlackElo "1697"]
[PlyCount "92"]
[EventDate "2011.03.05"]
[EventType "tourn"]
[EventRounds "10"]
[EventCountry "HUN"]
[SourceTitle "CBM 141 Extra"]
[Source "ChessBase"]
[SourceDate "2011.05.03"]
[SourceVersion "1"]
[SourceVersionDate "2011.05.03"]
[SourceQuality "1"]

1. e4 e6 2. d4 d5 3. exd5 exd5 4. Nf3 Nf6 5. Be2 Bd6 6. 0-0 0-0 7. Nc3 c6 8. Bg5 h6 9. Be3 Bf5 10. h3 Nbd7 11. Qd2 Re8 12. Rfe1 Rc8 13. Bf4 Bxf4 14. Qxf4 Bxc2 15. Ne5 Nxe5 16. dxe5 Nd7 17. Bh5 Re7 18. Re2 Bh7 19. Rae1 Nc5 20. e6 fxe6 21. Qd2 Qd6 22. Bg4 Rf8 23. Qd4 a6 24. b4 Ne4 25. Nxe4 Bxe4 26. Rxe4 Rf6 27. Re5 Kf7 28. R1e3 Kg8 29. Rf3 Rxf3 30. Bxf3 Re8 31. Bg4 Re7 32. a3 Kf7 33. f4 a5 34. Qc5 Qxc5+ 35. bxc5 Kf6 36. h4 g6 37. Kf2 h5 38. Bh3 Kf7 39. Ke3 Kf6 40. Kd4 Kf7 41. Kc3 Kf6 42. Kb3 Kf7 43. Ka4 Kf6 44. Kxa5 Kf7 45. Kb4 Kf6 46. Re2 Kf7 1-0

[Event "Budapest FS03 FM-B"]
[Site "Budapest"]
[Date "2011.03.10"]
[Round "6"]
[White "Breen, Anthony"]
[Black "Klement, Bence"]
[Result "0-1"]
[WhiteElo "1669"]
[BlackElo "1697"]
[PlyCount "68"]
[EventDate "2011.03.05"]
[EventType "tourn"]
[EventRounds "10"]
[EventCountry "HUN"]
[SourceTitle "CBM 141 Extra"]
[Source "ChessBase"]
[SourceDate "2011.05.03"]
[SourceVersion "1"]
[SourceVersionDate "2011.05.03"]
[SourceQuality "1"]

1. d4 d5 2. Nf3 Nf6 3. c4 c6 4. Qc2 g6 5. e3 Bf5 6. Qb3 Qc7 7. Nc3 e6 8. Nh4 dxc4 9. Bxc4 Bg7 10. Nxf5 exf5 11. f3 0-0 12. 0-0 Nbd7 13. e4 fxe4 14. Qd1 exf3 15. Qxf3 Nb6 16. Bf4 Qd7 17. Bb3 Qxd4+ 18. Be3 Qg4 19. Qf2 Qd7 20. Rad1 Qc8 21. Bc5 Rd8 22. Be7 Rxd1 23. Bxd1 Nbd7 24. Bb3 Qc7 25. Qh4 Qb6+ 26. Kh1 Re8 27. Bxf6 Nxf6 28. Qc4 Qc7 29. h3 Re7 30. Bd1 Rd7 31. Qe2 Qd8 32. Qc4 Nd5 33. Qb3 Bxc3 34. bxc3 Ne3 0-1

[Event "HUN-ch U12"]
[Site "Budapest"]
[Date "2010.07.01"]
[Round "6"]
[White "Klement, Bence"]
[Black "Szukics, Adam"]
[Result "1-0"]
[WhiteElo "1658"]
[BlackElo "1548"]
[PlyCount "63"]
[EventDate "2010.06.26"]
[EventType "swiss"]
[EventRounds "9"]
[EventCountry "HUN"]
[SourceTitle "CBM 137 Extra"]
[Source "ChessBase"]
[SourceDate "2010.09.01"]
[SourceVersion "1"]
[SourceVersionDate "2010.09.01"]
[SourceQuality "1"]

1. d4 d5 2. c4 e6 3. Nc3 Nf6 4. Bg5 Be7 5. Nf3 c6 6. e3 Nbd7 7. Bd3 0-0 8. 0-0 Re8 9. Rc1 Nf8 10. Ne5 N8d7 11. f4 dxc4 12. Nxc4 Nd5 13. Nxd5 exd5 14. Nd6 Rf8 15. Bxe7 Qxe7 16. Nf5 Qe6 17. Rf3 Nf6 18. Rg3 Ne4 19. Bxe4 dxe4 20. Nxg7 Qg6 21. Rxg6 fxg6 22. Nh5 gxh5 23. Qxh5 Bd7 24. Rc5 Kh8 25. Qe5+ Kg8 26. Qe7 Bf5 27. Qg5+ Bg6 28. f5 b6 29. Re5 c5 30. fxg6 cxd4 31. gxh7+ Kh8 32. Re7 1-0

[Event "HUN-ch U12"]
[Site "Budapest"]
[Date "2010.06.28"]
[Round "3"]
[White "Klement, Bence"]
[Black "Laza, Szabolcs"]
[Result "0-1"]
[WhiteElo "1658"]
[BlackElo "1764"]
[PlyCount "158"]
[EventDate "2010.06.26"]
[EventType "swiss"]
[EventRounds "9"]
[EventCountry "HUN"]
[SourceTitle "CBM 137 Extra"]
[Source "ChessBase"]
[SourceDate "2010.09.01"]
[SourceVersion "1"]
[SourceVersionDate "2010.09.01"]
[SourceQuality "1"]

1. d4 d5 2. c4 c6 3. Nf3 Nf6 4. Nc3 e6 5. Bg5 Nbd7 6. cxd5 exd5 7. e3 Be7 8. Bd3 0-0 9. 0-0 Re8 10. Qc2 h6 11. Bh4 Ne4 12. Bxe7 Qxe7 13. Rab1 Ndf6 14. b4 a6 15. a3 Bf5 16. Na4 Qc7 17. Rfc1 Ng4 18. Rf1 Ng5 19. Ne5 Bxd3 20. Qxd3 Nxe5 21. dxe5 Qxe5 22. f4 Qe4 23. Qxe4 Nxe4 24. Rb2 Rab8 25. Nb6 Nd6 26. Rf3 Nf5 27. Kf2 d4 28. exd4 Nxd4 29. Rd3 Ne6 30. g3 Rbd8 31. Rbd2 Rxd3 32. Rxd3 Rd8 33. Rxd8+ Nxd8 34. Ke3 Kf8 35. Ke4 Ke7 36. Ke5 Ne6 37. h3 c5 38. bxc5 Nxc5 39. Nc8+ Kd7 40. Nd6 f6+ 41. Kd5 b6 42. Nc4 Na4 43. Ne3 Nc3+ 44. Kc4 Ne2 45. Nf5 g6 46. Nxh6 Nxg3 47. Kd5 Ne2 48. f5 gxf5 49. Nxf5 Nf4+ 50. Ke4 Nxh3 51. Ne3 Ke6 52. Nc4 b5 53. Ne3 Ng5+ 54. Kd4 Kd7 55. Kc5 Ne6+ 56. Kd5 Nc7+ 57. Kc5 Ne6+ 58. Kd5 Nf4+ 59. Kc5 Kc7 60. Kb4 Kb6 61. a4 Kc6 62. Nf5 Kb6 63. Ne3 a5+ 64. Kb3 b4 65. Nc4+ Ka6 66. Ne3 Ne6 67. Nf5 Nc5+ 68. Ka2 Nxa4 69. Kb3 Nb6 70. Nd6 Nd7 71. Nf5 Kb6 72. Ne3 Kb5 73. Nd5 a4+ 74. Kb2 Kc5 75. Ne3 Ne5 76. Ng2 Nc4+ 77. Kb1 b3 78. Nf4 a3 79. Nd3+ Kd4 0-1

[Event "HUN-ch U12"]
[Site "Budapest"]
[Date "2010.06.26"]
[Round "1"]
[White "Klement, Bence"]
[Black "Korpa, Bence"]
[Result "0-1"]
[WhiteElo "1658"]
[BlackElo "2172"]
[PlyCount "86"]
[EventDate "2010.06.26"]
[EventType "swiss"]
[EventRounds "9"]
[EventCountry "HUN"]
[SourceTitle "CBM 137 Extra"]
[Source "ChessBase"]
[SourceDate "2010.09.01"]
[SourceVersion "1"]
[SourceVersionDate "2010.09.01"]
[SourceQuality "1"]

1. d4 Nf6 2. c4 e6 3. Nc3 Bb4 4. Bg5 h6 5. Bh4 c5 6. e3 0-0 7. Bd3 d6 8. Nf3 Nbd7 9. 0-0 Bxc3 10. bxc3 Qc7 11. Bg3 b6 12. Qc2 Bb7 13. Nd2 Rfe8 14. Rac1 Rac8 15. Rfe1 Nb8 16. f3 Nc6 17. Ne4 Nxe4 18. fxe4 e5 19. d5 Ne7 20. Rf1 Rf8 21. Qe2 f6 22. Qd1 Rcd8 23. Be2 Bc8 24. Bg4 Bxg4 25. Qxg4 Qd7 26. Qxd7 Rxd7 27. Rb1 Ng6 28. a4 Nh8 29. Rf3 Nf7 30. h4 Nd8 31. a5 bxa5 32. Rf2 Rb7 33. Ra1 Rb3 34. Rc2 Nb7 35. Raa2 Rb8 36. Kh2 Kf7 37. h5 g6 38. Rab2 a4 39. Ra2 a3 40. Bh4 g5 41. Bf2 Na5 42. Kg3 Nxc4 43. Kg4 Rb2 0-1

[Event "HUN-chT U18"]
[Site "Miskolc"]
[Date "2009.10.29"]
[Round "6.15"]
[White "Klement, Bence"]
[Black "Vodila, Vivien"]
[Result "1-0"]
[WhiteElo "1582"]
[BlackElo "1460"]
[PlyCount "97"]
[EventDate "2009.10.26"]
[EventType "team-swiss"]
[EventRounds "8"]
[EventCountry "HUN"]
[SourceTitle "EXT 2016"]
[Source "ChessBase"]
[SourceDate "2015.10.08"]
[SourceVersion "1"]
[SourceVersionDate "2015.10.08"]
[SourceQuality "1"]

1. d4 d5 2. c4 Nc6 3. cxd5 Qxd5 4. e3 e5 5. Nc3 Bb4 6. a3 Bxc3+ 7. bxc3 Be6 8. Nf3 0-0-0 9. Be2 f6 10. c4 Qe4 11. d5 Bf5 12. Qa4 Rxd5 13. Nd2 Ra5 14. Qxa5 Nxa5 15. Nxe4 Bxe4 16. f3 Bc6 17. Bd2 Nb3 18. Rb1 Nxd2 19. Kxd2 Ne7 20. Kc3 Nf5 21. e4 Nd6 22. Rhd1 Ba4 23. Rd2 Rd8 24. c5 Nf7 25. Rxd8+ Nxd8 26. Bc4 Nc6 27. Bd5 Nd8 28. Rb2 h6 29. g3 Bd7 30. Kd3 g6 31. Rc2 Ba4 32. Rf2 Bb5+ 33. Kc3 g5 34. h4 Kd7 35. hxg5 hxg5 36. Rh2 a6 37. Rh7+ Ke8 38. Rxc7 Be2 39. Bxb7 Nxb7 40. Rxb7 Bxf3 41. Rb4 Kd7 42. Kd2 Kc6 43. Ke3 Bg4 44. Rb6+ Kxc5 45. Rxf6 Kc4 46. Rxa6 Kb5 47. Rg6 Ka4 48. Rxg5 Bd7 49. Rxe5 1-0

[Event "HUN-chT U18"]
[Site "Miskolc"]
[Date "2009.10.28"]
[Round "4.15"]
[White "Klement, Bence"]
[Black "Kalmar, Sara"]
[Result "1-0"]
[WhiteElo "1582"]
[BlackElo "1484"]
[PlyCount "87"]
[EventDate "2009.10.26"]
[EventType "team-swiss"]
[EventRounds "8"]
[EventCountry "HUN"]
[SourceTitle "EXT 2016"]
[Source "ChessBase"]
[SourceDate "2015.10.08"]
[SourceVersion "1"]
[SourceVersionDate "2015.10.08"]
[SourceQuality "1"]

1. d4 d5 2. c4 Nc6 3. Nf3 Bg4 4. e3 e5 5. Be2 Bxf3 6. Bxf3 Nf6 7. Nc3 Bb4 8. 0-0 Bxc3 9. bxc3 0-0 10. cxd5 Nxd5 11. Qb3 Nb6 12. Ba3 Re8 13. Rfc1 Rb8 14. Rab1 Na5 15. Qc2 Qd7 16. Bb4 Nac4 17. Be2 Nd6 18. Bxd6 Qxd6 19. Bd3 Qh6 20. a4 e4 21. Bxe4 Nc4 22. Qd3 Nb6 23. a5 Nc4 24. Bxh7+ Qxh7 25. Qxc4 Rec8 26. Qe2 c6 27. Qa2 Qh5 28. Qa4 Qe2 29. Qd1 Qa6 30. Ra1 b6 31. axb6 Qxb6 32. Rcb1 Qc7 33. h3 Rxb1 34. Rxb1 Ra8 35. Qb3 a5 36. Qb7 Qxb7 37. Rxb7 a4 38. Rb1 a3 39. Ra1 Kf8 40. Kf1 Ke7 41. Ke2 Kd6 42. Kd3 Kd5 43. c4+ Ke6 44. Kc3 1-0